Imię żeńskie, w którym sąsiadują ze sobą dwie takie same litery. - Statystyki

Ogólne statystyki
  • Ten quiz został rozwiązany 36 razy
  • Średni wynik to 5 z 12
Statystyki odpowiedzi
Hint Odpowiedź % Poprawnych
5. Anna
91%
10. Joanna
76%
9. Hanna
62%
8. Marianna
50%
11. Zuzanna
47%
6. Wioletta
41%
7. Marzanna
32%
3. Izabella
21%
4. Adrianna
18%
12. Bernadetta
15%
1. Anetta
12%
2. Bożenna
12%
Nie znaleziono quizów pasujących do podanych kryteriów
Rozkład punktacji
Procent ludzi z każdym wynikiem
Percentyl według liczby udzielonych odpowiedzi
Twoja historia wyników
Nie rozwiązałeś tego quizu